[Event "5th American Continental"]
[Site "Sao Paulo BRA"]
[Date "2009.07.28"]
[Round "5.98"]
[White "Jardim, Daphne Tofano"]
[Black "Hirota da Silva, Nilton Jose"]
[Result "0-1"]
[WhiteElo "1940"]
[BlackElo "2067"]
[EventDate "2009.07.25"]
[PlyCount "114"]

1.d4 c6 2.c4 d6 3.Nc3 e5 4.dxe5 dxe5 5.Qxd8+ Kxd8 6.Nf3 f6 7.e4 Be6 8.Be3 
Nd7 9.Be2 Kc7 10.a3 a5 11.O-O-O Ne7 12.Na4 Nc8 13.Rd2 Ncb6 14.Nxb6 Nxb6 
15.Rhd1 Nd7 16.Kc2 Nc5 17.Bd3 Be7 18.Ng1 Rhd8 19.Ne2 Nxd3 20.Rxd3 Rxd3 21.
Rxd3 Bxc4 22.Rd2 Rd8 23.Rxd8 Bxd8 24.Ng3 g6 25.Kc3 Ba6 26.Kd2 Be7 27.Ne2 
c5 28.Nc3 Bc4 29.Kc2 Kc6 30.a4 f5 31.exf5 gxf5 32.f4 e4 33.g4 Bd3+ 34.Kd2 
fxg4 35.f5 h5 36.Bf4 Bf6 37.Ke3 Bd4+ 38.Kd2 h4 39.Nd1 c4 40.Nc3 e3+ 41.
Bxe3 Bxe3+ 42.Kxe3 Bxf5 43.Nb5 Kc5 44.Kf4 Bd7 45.Nc3 g3 46.hxg3 hxg3 47.
Kxg3 Kb4 48.Kf4 Bxa4 49.Ke3 Be8 50.Nd5+ Kb3 51.Nb6 Bb5 52.Kd4 Kxb2 53.Nd5 
Bc6 54.Ne3 b5 55.Kc5 Be8 56.Nd1+ Kb3 57.Nf2 a4 0-1

[Event "5th American Continental"]
[Site "Sao Paulo BRA"]
[Date "2009.07.28"]
[Round "5.101"]
[White "Marques, Joao Paulo Cassemiro"]
[Black "Pedroso Junior, Arquimedes Gomes"]
[Result "1-0"]
[WhiteElo "1593"]
[BlackElo "2028"]
[EventDate "2009.07.25"]
[PlyCount "69"]

1.e4 c5 2.Nf3 d6 3.d4 cxd4 4.Nxd4 Nf6 5.Nc3 a6 6.f3 e5 7.Nb3 Be7 8.Be3 Be6
9.Qd2 Nbd7 10.O-O-O Qc7 11.g4 h6 12.Kb1 O-O-O 13.Nd5 Bxd5 14.exd5 Kb8 15.
c4 e4 16.Nd4 Rhe8 17.Qb4 Ka8 18.Qa3 Nb8 19.Nb5 Qd7 20.Qa5 b6 21.Bxb6 Rc8 
22.Nc7+ Kb7 23.Nxe8 Rxe8 24.Bd4 Bd8 25.Qb4+ Ka8 26.Bg2 exf3 27.Bxf3 Nxg4 
28.Bxg4 Qxg4 29.Qxd6 f6 30.Qg3 Qd7 31.Rhe1 Rf8 32.Qf3 g5 33.c5 f5 34.c6 
Qd6 35.Be5 1-0

[Event "5th American Continental"]
[Site "Sao Paulo BRA"]
[Date "2009.07.28"]
[Round "5.103"]
[White "Santiago, Yago de Moura"]
[Black "Abdalla, Jose Lucas Aurelli"]
[Result "1-0"]
[WhiteElo "2327"]
[BlackElo "1939"]
[EventDate "2009.07.25"]
[PlyCount "77"]

1.e4 c5 2.Nf3 Nc6 3.d4 cxd4 4.Nxd4 g6 5.Nxc6 bxc6 6.Bd3 Bg7 7.O-O d6 8.Qe2
Nf6 9.f4 O-O 10.Nc3 a5 11.h3 a4 12.a3 Qb6+ 13.Kh2 Nd7 14.Bd2 Nc5 15.Bc4 
Qxb2 16.Rfb1 Bxc3 17.Rxb2 Bxb2 18.Rb1 Bg7 19.e5 Bf5 20.Be3 Ne4 21.Rb7 dxe5
22.Rxe7 Bf6 23.Rc7 Rac8 24.Ra7 Rcd8 25.Qe1 Nd6 26.Ba2 Nb5 27.Rb7 Rd7 28.
Rxd7 Bxd7 29.Qb4 exf4 30.Bxf4 Bf5 31.Qxa4 Nd4 32.Qa7 Nb5 33.Qb7 Be4 34.a4 
Nc3 35.Bd6 Nxa2 36.Bxf8 Kxf8 37.a5 Nc3 38.a6 Ne2 39.Qb4+ 1-0

[Event "5th American Continental"]
[Site "Sao Paulo BRA"]
[Date "2009.07.28"]
[Round "5.104"]
[White "Van Riemsdijk, Marius Rombout"]
[Black "Palozi, Paulo Ricardo"]
[Result "0-1"]
[WhiteElo "1854"]
[BlackElo "2127"]
[EventDate "2009.07.25"]
[PlyCount "86"]

1.e4 e5 2.Nf3 Nc6 3.Bc4 Bc5 4.c3 Qe7 5.d3 Nf6 6.b4 Bb6 7.a4 a6 8.Ba3 d6 9.
b5 Na5 10.Ba2 Bd7 11.bxa6 Rxa6 12.Nbd2 O-O 13.O-O Qe8 14.Nc4 Nxc4 15.Bxc4 
Rxa4 16.Qb3 Rxc4 17.Qxc4 Bb5 18.Qb3 Bxd3 19.Bxd6 cxd6 20.Qxb6 Bxf1 21.Rxf1
Nxe4 22.Re1 Qa4 23.Qxb7 Nxc3 24.h3 Qc4 25.Qb6 Ne2+ 26.Kh1 Qd3 27.Qe3 Qxe3 
28.fxe3 Ng3+ 29.Kg1 Ne4 30.Rd1 f6 31.Kf1 Ra8 32.Rc1 Ra3 33.Ke2 Ra2+ 34.Kf1
Ng3+ 35.Ke1 Re2+ 36.Kd1 Rxe3 37.Rc7 d5 38.Rd7 d4 39.Ne1 Re2 40.Ra7 e4 41.
Rd7 d3 42.Nxd3 exd3 43.Rxd3 Rxg2 0-1

[Event "5th American Continental"]
[Site "Sao Paulo BRA"]
[Date "2009.07.28"]
[Round "5.105"]
[White "Costa, Giovanni de Almeida"]
[Black "Resende, Carlos Alberto Filgueir"]
[Result "0-1"]
[WhiteElo "1931"]
[BlackElo "2081"]
[EventDate "2009.07.25"]
[PlyCount "54"]

1.d4 d5 2.Nf3 Nf6 3.c3 Bf5 4.Bf4 e6 5.e3 Be7 6.Bd3 Bxd3 7.Qxd3 Nbd7 8.Nbd2
O-O 9.g4 c5 10.h3 Qb6 11.Rb1 Rfe8 12.g5 Nh5 13.Bh2 Bd6 14.Bxd6 Qxd6 15.e4 
e5 16.Kf1 exd4 17.cxd4 dxe4 18.Nxe4 Qf4 19.Re1 cxd4 20.Nxd4 Rxe4 21.Rxe4 
Ng3+ 22.Qxg3 Qxe4 23.Nf3 Qb1+ 24.Kg2 Qxb2 25.Rd1 Nf8 26.Qc7 Ne6 27.Rd7 
Nxc7 0-1

[Event "5th American Continental"]
[Site "Sao Paulo BRA"]
[Date "2009.07.28"]
[Round "5.107"]
[White "Nobre, Jose Adalberto Barbosa"]
[Black "Barata, Hemar Antonio Galvao"]
[Result "0-1"]
[WhiteElo "1814"]
[BlackElo "2043"]
[EventDate "2009.07.25"]
[PlyCount "86"]

1.e4 c5 2.Nc3 Nc6 3.f4 g6 4.Nf3 Bg7 5.Bb5 e6 6.Bxc6 bxc6 7.O-O d6 8.e5 d5 
9.d3 Ne7 10.Na4 Qa5 11.b3 c4 12.d4 cxb3 13.axb3 O-O 14.Bd2 Qd8 15.Bb4 Re8 
16.Nc5 Nf5 17.Qd2 h5 18.Ra4 Bf8 19.Ba5 Qe7 20.Rfa1 Nxd4 21.Bb4 Nxf3+ 22.
gxf3 Qc7 23.Qd4 Qb6 24.Nxe6 Qxd4+ 25.Nxd4 c5 26.Nb5 Bd7 27.e6 fxe6 28.Rxa7
Rxa7 29.Rxa7 Bxb5 30.Be1 c4 31.Bf2 cxb3 32.cxb3 Bg7 33.Rb7 Be2 34.Kg2 d4 
35.b4 d3 36.Be1 Rc8 37.b5 Rc1 38.Bd2 Rc2 39.Kg3 Rxd2 40.Rd7 Rb2 41.b6 Rxb6
42.Kh4 Bf6+ 43.Kh3 Rb4 0-1

[Event "5th American Continental"]
[Site "Sao Paulo BRA"]
[Date "2009.07.28"]
[Round "5.108"]
[White "Delai, Paula Fernanda"]
[Black "Sztokbant, Bernardo Vainzoff"]
[Result "1-0"]
[WhiteElo "2042"]
[BlackElo "1936"]
[EventDate "2009.07.25"]
[PlyCount "39"]

1.Nf3 d5 2.g3 Nf6 3.Bg2 c5 4.d3 Nc6 5.O-O Bg4 6.h3 Bh5 7.Nbd2 e5 8.e4 d4 
9.a4 Bd6 10.Nc4 Bc7 11.Bd2 b6 12.Re1 a6 13.g4 Bg6 14.Nh4 O-O 15.f4 exf4 
16.Bxf4 Nd7 17.e5 Ne7 18.Bxa8 Qxa8 19.Qf3 Qc6 20.Qg3 1-0

[Event "5th American Continental"]
[Site "Sao Paulo BRA"]
[Date "2009.07.28"]
[Round "5.109"]
[White "Mariano, Marceley Martins"]
[Black "Pereira, Amanda Marques"]
[Result "0-1"]
[WhiteElo "2040"]
[BlackElo "1926"]
[EventDate "2009.07.25"]
[PlyCount "80"]

1.e4 c5 2.Nf3 e6 3.d3 Nc6 4.g3 g6 5.Be3 Bg7 6.c3 d6 7.Bg2 Nf6 8.Qd2 Ng4 9.
Bf4 e5 10.Bg5 f6 11.Be3 Nxe3 12.Qxe3 Be6 13.Na3 Qd7 14.Nc2 O-O 15.O-O Rfe8
16.Nh4 b6 17.f4 exf4 18.gxf4 d5 19.Qg3 f5 20.e5 Rad8 21.Nf3 Bh6 22.Qh4 Qg7
23.Rae1 b5 24.d4 c4 25.Nd2 g5 26.fxg5 Bxg5 27.Qf2 Kh8 28.Nf3 Be7 29.Kh1 
Rg8 30.Rg1 Qh6 31.Bf1 Rxg1+ 32.Qxg1 Rg8 33.Qf2 f4 34.Be2 Bf5 35.Bd1 Be4 
36.Rg1 Bg5 37.Ne1 Ne7 38.Ng2 Nf5 39.Re1 Ne3 40.Rg1 Ng4 0-1

[Event "5th American Continental"]
[Site "Sao Paulo BRA"]
[Date "2009.07.28"]
[Round "5.110"]
[White "Medina, Diana Sanroman Baeta"]
[Black "Santos Junior, Braulio dos"]
[Result "0-1"]
[WhiteElo "1699"]
[BlackElo "2035"]
[EventDate "2009.07.25"]
[PlyCount "54"]

1.d4 d5 2.Nf3 Nc6 3.c4 e5 4.dxe5 d4 5.b3 Bf5 6.a3 a5 7.Bb2 Bc5 8.g3 f6 9.
exf6 Nxf6 10.Bg2 O-O 11.O-O Qd7 12.Re1 Rad8 13.Nbd2 Bh3 14.Ng5 Bxg2 15.
Kxg2 Qf5 16.Ngf3 Ng4 17.Qb1 d3 18.e3 Nce5 19.Bxe5 Nxe5 20.Qd1 Rd6 21.Rf1 
Ng4 22.Nh4 Qe6 23.h3 Rxf2+ 24.Kg1 Qxe3 25.Re1 Rg2+ 26.Kxg2 Qf2+ 27.Kh1 
Qh2# 0-1

[Event "5th American Continental"]
[Site "Sao Paulo BRA"]
[Date "2009.07.28"]
[Round "5.112"]
[White "Wolff, Carlos Alberto"]
[Black "Cardoso Junior, Cicero Assuncao"]
[Result "1-0"]
[WhiteElo "2017"]
[BlackElo "1888"]
[EventDate "2009.07.25"]
[PlyCount "65"]

1.e4 c5 2.Nf3 e6 3.d4 cxd4 4.Nxd4 a6 5.Be2 b5 6.a4 b4 7.a5 Bb7 8.Bf3 Qc7 
9.O-O Bd6 10.h3 Ne7 11.Be3 Bf4 12.Bxf4 Qxf4 13.Qd2 Qc7 14.Qxb4 Nbc6 15.
Nxc6 Nxc6 16.Qc3 O-O 17.e5 Rac8 18.Re1 d5 19.exd6 Qxd6 20.Qb3 Rb8 21.Rd1 
Nd4 22.Qd3 Nxf3+ 23.gxf3 Qe5 24.Ra4 Qxb2 25.Nc3 Rfc8 26.Rd4 g6 27.Ne4 Qxc2
28.Rd8+ Rxd8 29.Qxc2 Rxd1+ 30.Qxd1 Bxe4 31.fxe4 Rb5 32.Qd6 Kg7 33.Qxa6 1-0

[Event "5th American Continental"]
[Site "Sao Paulo BRA"]
[Date "2009.07.28"]
[Round "5.113"]
[White "Casares, Luis Alberto"]
[Black "Palomino, Alexandre"]
[Result "0-1"]
[WhiteElo "2007"]
[BlackElo "1879"]
[EventDate "2009.07.25"]
[PlyCount "66"]

1.d4 Nf6 2.Nf3 g6 3.c4 Bg7 4.Nc3 d6 5.e4 O-O 6.Be2 Nc6 7.d5 Nb4 8.a3 Na6 
9.O-O Nc5 10.Qc2 c6 11.Be3 cxd5 12.Bxc5 dxe4 13.Nxe4 dxc5 14.Nxc5 Qc7 15.
Nd3 Bf5 16.Nd4 Ng4 17.Bxg4 Bxg4 18.Nb5 Qb6 19.Nf4 e6 20.h3 Bf5 21.Qe2 Rfd8
22.g4 Bh6 23.gxf5 Bxf4 24.Qf3 e5 25.fxg6 hxg6 26.Rad1 Kg7 27.b4 Rh8 28.Rd6
Qxd6 29.Nxd6 Rh4 30.Nxf7 Rf8 31.Qxb7 Rxf7 32.Qd5 Rf5 33.Qd7+ Kh6 0-1

[Event "5th American Continental"]
[Site "Sao Paulo BRA"]
[Date "2009.07.28"]
[Round "5.114"]
[White "Nery Junior, Jose Antonio"]
[Black "Costa, Romualdo Mendonca da"]
[Result "1-0"]
[WhiteElo "1986"]
[BlackElo "1813"]
[EventDate "2009.07.25"]
[PlyCount "67"]

1.e4 e5 2.d4 exd4 3.c3 dxc3 4.Nxc3 d6 5.Bc4 Nc6 6.Nf3 Be7 7.Qb3 Na5 8.
Bxf7+ Kf8 9.Qa4 Kxf7 10.Qxa5 Nf6 11.Ng5+ Kg8 12.Qa4 c6 13.Be3 h6 14.Qb3+ 
d5 15.Nf3 Kh7 16.Rd1 Qc7 17.exd5 cxd5 18.O-O Bg4 19.Nxd5 Nxd5 20.Qxd5 Rhf8
21.Rc1 Qd6 22.Qe4+ Bf5 23.Qd4 Qxd4 24.Nxd4 Bc8 25.Nb5 Bf6 26.Nc7 Bf5 27.
Nxa8 Rxa8 28.b3 Be4 29.Rfd1 Bc6 30.Bd4 Be7 31.Bb2 Re8 32.Re1 Bg5 33.Rxe8 
Bxe8 34.Rc7 1-0

[Event "5th American Continental"]
[Site "Sao Paulo BRA"]
[Date "2009.07.28"]
[Round "5.116"]
[White "Reis, Ernesto Guevara"]
[Black "Riboldi, Mario Garcia"]
[Result "1/2-1/2"]
[WhiteElo "1985"]
[BlackElo "1696"]
[EventDate "2009.07.25"]
[PlyCount "76"]

1.e4 c5 2.Nf3 Nc6 3.d4 cxd4 4.Nxd4 g6 5.Nxc6 bxc6 6.Qd4 Nf6 7.e5 Nd5 8.e6 
Nf6 9.exf7+ Kxf7 10.Be2 Qa5+ 11.c3 Bg7 12.O-O Re8 13.Nd2 Qb6 14.Qh4 d5 15.
Nb3 Rb8 16.Be3 Qc7 17.f4 a5 18.Bd3 Bf5 19.Bxf5 gxf5 20.Nd4 e6 21.Nf3 h6 
22.Ne5+ Kg8 23.b3 Nd7 24.Rac1 Nxe5 25.fxe5 Qxe5 26.Bf4 Qf6 27.Qxf6 Bxf6 
28.Bxb8 Rxb8 29.g4 Bg5 30.Rce1 fxg4 31.Rxe6 Rc8 32.Rf5 c5 33.Rxd5 c4 34.
bxc4 Rxc4 35.Rd3 Ra4 36.Re2 Ra3 37.Rc2 Kf7 38.Kf2 Ke6 1/2-1/2

[Event "5th American Continental"]
[Site "Sao Paulo BRA"]
[Date "2009.07.28"]
[Round "5.117"]
[White "Neto, Eugenio Herbst"]
[Black "Zanetti, Joao Carlos Pereira"]
[Result "1/2-1/2"]
[WhiteElo "1976"]
[BlackElo "1746"]
[EventDate "2009.07.25"]
[PlyCount "122"]

1.d4 d5 2.Nf3 e6 3.g3 Nf6 4.Bg2 Be7 5.O-O O-O 6.c4 Ne4 7.Qc2 Nd7 8.Nc3 
Ndf6 9.Ne5 Nxc3 10.bxc3 c6 11.a4 Nd7 12.Nxd7 Bxd7 13.cxd5 exd5 14.Rb1 b6 
15.c4 Be6 16.cxd5 cxd5 17.Qb3 Rc8 18.Ba3 Bxa3 19.Qxa3 Rc4 20.e3 Qc7 21.
Rfc1 Rc8 22.Rxc4 Qxc4 23.Bf1 Qc3 24.Qxc3 Rxc3 25.Kg2 Kf8 26.a5 bxa5 27.Ra1
Rc7 28.Rxa5 Ke7 29.Bd3 h6 30.Kf3 Kd6 31.Ra6+ Kd7 32.h4 Kc8 33.g4 Kb7 34.
Ra3 Rc1 35.Kf4 Kb6 36.f3 a5 37.e4 dxe4 38.fxe4 Rg1 39.Be2 Re1 40.Bf3 Rb1 
41.d5 Bd7 42.Be2 a4 43.Ke5 Rb3 44.Ra1 Kc5 45.Rc1+ Kb4 46.Kd6 Bb5 47.Bxb5 
Kxb5 48.Ke7 Re3 49.Kxf7 Rxe4 50.d6 Rd4 51.Ke7 Re4+ 52.Kd8 Rxg4 53.Kc7 Rd4 
54.d7 g5 55.h5 Rd5 56.d8=Q Rxd8 57.Kxd8 Kb4 58.Ke7 a3 59.Kf6 Kb3 60.Kg6 
Kb2 61.Rg1 a2 1/2-1/2

[Event "5th American Continental"]
[Site "Sao Paulo BRA"]
[Date "2009.07.28"]
[Round "5.118"]
[White "Aoyama, Edmundo"]
[Black "Gotz, Klaus Seiji Furucho"]
[Result "1/2-1/2"]
[WhiteElo "1963"]
[BlackElo "1541"]
[EventDate "2009.07.25"]
[PlyCount "53"]

1.d4 d5 2.c4 Bf5 3.Nf3 e6 4.e3 c6 5.Be2 Nf6 6.O-O Bd6 7.Nc3 O-O 8.c5 Bc7 
9.Nh4 Bg6 10.Nxg6 hxg6 11.b4 a6 12.a4 Nbd7 13.Bd2 Qb8 14.g3 b5 15.cxb6 
Qxb6 16.f4 Rfb8 17.Qc2 Bd6 18.Rfb1 Qd8 19.Nd1 Ne4 20.Bc1 Qe7 21.b5 cxb5 
22.axb5 axb5 23.Rxa8 Rxa8 24.Rxb5 Qd8 25.Bd3 Rc8 26.Qb1 Ndf6 27.Ra5 
1/2-1/2

[Event "5th American Continental"]
[Site "Sao Paulo BRA"]
[Date "2009.07.28"]
[Round "5.122"]
[White "Cella, Glaucio Dalla Cortt"]
[Black "Branchini, Fernando Luis Sakamot"]
[Result "1-0"]
[WhiteElo "2044"]
[BlackElo "1838"]
[EventDate "2009.07.25"]
[PlyCount "53"]

1.e4 e6 2.d4 d5 3.Nc3 Nf6 4.Bg5 Be7 5.e5 Nfd7 6.Bxe7 Qxe7 7.f4 a5 8.Nf3 c5
9.Bd3 Nc6 10.O-O cxd4 11.Ne2 Qb4 12.Ng3 Qxb2 13.Re1 Nc5 14.Nh5 g6 15.Nf6+ 
Ke7 16.Re2 h6 17.c4 Qc3 18.cxd5 Qxd3 19.dxc6 Qxd1+ 20.Rxd1 d3 21.Red2 bxc6
22.Ne1 Bb7 23.Nxd3 Nxd3 24.Rxd3 Kf8 25.Rd7 Bc8 26.Rd8+ Kg7 27.Rxh8 1-0

[Event "5th American Continental"]
[Site "Sao Paulo BRA"]
[Date "2009.07.28"]
[Round "5.123"]
[White "Mello, Rodrigo de"]
[Black "Baptista, Igor Lucas"]
[Result "1-0"]
[WhiteElo "1819"]
[BlackElo "1969"]
[EventDate "2009.07.25"]
[PlyCount "65"]

1.d4 Nf6 2.Nf3 g6 3.Bf4 Bg7 4.e3 d6 5.Bc4 O-O 6.O-O Nbd7 7.Nbd2 a5 8.c3 a4
9.a3 c5 10.Re1 Qa5 11.Qe2 b5 12.Bd3 Bb7 13.h3 Rac8 14.Qd1 Nb6 15.e4 b4 16.
cxb4 cxb4 17.Rc1 bxa3 18.bxa3 Rxc1 19.Qxc1 Rc8 20.Qb2 Nfd7 21.Nc4 Nxc4 22.
Bxc4 Ba6 23.Bd2 Rb8 24.Qxb8+ Nxb8 25.Bxa5 Bxc4 26.Rb1 Nc6 27.Bc3 Bb3 28.d5
Na7 29.Bxg7 Kxg7 30.Nd4 Bc4 31.Rb7 Nc8 32.Rc7 Ba6 33.Nc2 1-0

[Event "5th American Continental"]
[Site "Sao Paulo BRA"]
[Date "2009.07.28"]
[Round "5.124"]
[White "Machado, Gilmar Dias"]
[Black "Mendes, David"]
[Result "0-1"]
[WhiteElo "1960"]
[BlackElo "1827"]
[EventDate "2009.07.25"]
[PlyCount "58"]

1.e4 c6 2.d4 d5 3.Nd2 dxe4 4.Nxe4 Bf5 5.Ng3 Bg6 6.h4 h5 7.Nf3 Nd7 8.Bd3 
Bxd3 9.Qxd3 Ngf6 10.Bg5 e6 11.O-O-O Qa5 12.Kb1 O-O-O 13.Ne4 Be7 14.Qe2 
Rhe8 15.Bf4 Nxe4 16.Qxe4 Nf6 17.Qe2 Qb6 18.c4 Qa5 19.Ne5 Ng4 20.Nxf7 Qf5+ 
21.Ka1 Qxf7 22.Bg3 Bd6 23.Bxd6 Rxd6 24.f3 Nh6 25.Qe5 Red8 26.Rhe1 Nf5 27.
Re4 Qf6 28.Qa5 Nxd4 29.Rc1 Kb8 0-1

[Event "5th American Continental"]
[Site "Sao Paulo BRA"]
[Date "2009.07.28"]
[Round "5.125"]
[White "Rodrigues, Flavio Leite"]
[Black "Sousa, Matheus Mazim de"]
[Result "1-0"]
[WhiteElo "1884"]
[BlackElo "1817"]
[EventDate "2009.07.25"]
[PlyCount "117"]

1.Nf3 d5 2.c4 dxc4 3.e3 a6 4.Bxc4 b5 5.Be2 Bb7 6.d4 e5 7.O-O Nf6 8.Nbd2 
Be7 9.a3 O-O 10.b4 Nbd7 11.Bb2 Nb6 12.Rb1 c6 13.Nxe5 Rc8 14.Bf3 Nbd5 15.
Nb3 Nd7 16.Nd3 N7b6 17.Na5 Ba8 18.Ne5 Qd6 19.Qb3 Na4 20.Ba1 Bd8 21.Nac4 
Qe7 22.Nd2 Bc7 23.Nd3 f5 24.Nc5 Nxc5 25.dxc5 Qg5 26.Bxd5+ cxd5 27.f4 Qe7 
28.Nf3 Bc6 29.Be5 Bxe5 30.Nxe5 Rc7 31.Qd1 Rf6 32.Rf3 Rh6 33.Rg3 Qh4 34.Rh3
Qf6 35.Qf3 Rxh3 36.Qxh3 g6 37.Qh6 Be8 38.h4 Qg7 39.Qg5 Qe7 40.Kf2 h6 41.
Qxe7 Rxe7 42.Nf3 Rc7 43.Ke2 Kf7 44.Kd3 Kf8 45.Kd4 Bc6 46.Ne5 Rc8 47.Nxc6 
Rxc6 48.a4 bxa4 49.Ra1 g5 50.hxg5 hxg5 51.g3 gxf4 52.gxf4 Rc7 53.Rxa4 Rb7 
54.c6 Rb6 55.Kc5 Rb5+ 56.Kd6 d4 57.exd4 Rd5+ 58.Kc7 Rxd4 59.Kb7 1-0

[Event "5th American Continental"]
[Site "Sao Paulo BRA"]
[Date "2009.07.28"]
[Round "5.128"]
[White "Braga, Marcelo Melem"]
[Black "Martins, Vilker Germano"]
[Result "0-1"]
[WhiteElo "1769"]
[BlackElo "2009"]
[EventDate "2009.07.25"]
[PlyCount "40"]

1.d4 Nf6 2.c4 g6 3.Nc3 Bg7 4.Nf3 d6 5.e4 O-O 6.h3 Nbd7 7.Bg5 h6 8.Bxf6 
Nxf6 9.Bd3 b6 10.O-O Bb7 11.b4 e6 12.Qc2 Nd7 13.a4 c5 14.bxc5 dxc5 15.d5 
Re8 16.Ra3 Ne5 17.Nxe5 Bxe5 18.f4 Bg7 19.Rb1 Qh4 20.Qf2 Bd4 0-1

[Event "5th American Continental"]
[Site "Sao Paulo BRA"]
[Date "2009.07.28"]
[Round "5.129"]
[White "Figueiredo, Rodrigo Fraga Leandro"]
[Black "Neto, Joao Batista Aragao"]
[Result "1/2-1/2"]
[WhiteElo "1709"]
[BlackElo "1859"]
[EventDate "2009.07.25"]
[PlyCount "95"]

1.d4 Nf6 2.Bf4 g6 3.h3 Bg7 4.e3 O-O 5.Nf3 d6 6.Nbd2 c5 7.c3 Nc6 8.Be2 Re8 
9.Nb3 cxd4 10.exd4 a5 11.a4 Qb6 12.O-O Bf5 13.Bb5 Nd5 14.Bg3 Nc7 15.Be2 
Rad8 16.Nfd2 d5 17.Bxc7 Qxc7 18.Nc5 e5 19.dxe5 Bxe5 20.Bd3 Bc8 21.Rc1 Qe7 
22.Ncb3 Bc7 23.Nf3 Ne5 24.Nxe5 Qxe5 25.f4 Bb6+ 26.Kh1 Qh5 27.Rf3 Qh4 28.
Kh2 Re7 29.Qf1 Rde8 30.Nd4 Bxd4 31.cxd4 Re1 32.Rxe1 Rxe1 33.Qf2 Qe7 34.Bb5
Bf5 35.Rc3 Rb1 36.Re3 Be4 37.Bd3 Ra1 38.Bxe4 dxe4 39.Qc2 f5 40.Qc4+ Kg7 
41.Qb5 Rd1 42.Qxa5 Rxd4 43.Rc3 Rd7 44.Qb6 h6 45.Rc5 Qf7 46.Re5 Re7 47.Qd6 
Rd7 48.Qc5 1/2-1/2

[Event "Continental"]
[Site "Sao Paulo BRA"]
[Date "2009.07.29"]
[Round "6.16"]
[White "Mekhitarian, Krikor Sevag"]
[Black "Nogueira, Ivan Kuhlmann"]
[Result "1-0"]
[WhiteElo "2488"]
[BlackElo "2335"]
[EventDate "2009.07.25"]
[PlyCount "45"]

1.e4 c5 2.Nf3 Nc6 3.d4 cxd4 4.Nxd4 Nf6 5.Nc3 e6 6.Ndb5 Bb4 7.a3 Bxc3+ 8.
Nxc3 d5 9.exd5 exd5 10.Bd3 O-O 11.O-O d4 12.Ne2 Qd5 13.Nf4 Qd6 14.Nh5 Nd5 
15.Re1 Be6 16.Nxg7 Kxg7 17.Qh5 f5 18.Qh6+ Kf7 19.Bxf5 Nc7 20.Bf4 Qd5 21.
Qxh7+ Kf6 22.Bg5+ Kxg5 23.Qg6+ 1-0

[Event "Continental"]
[Site "Sao Paulo BRA"]
[Date "2009.07.29"]
[Round "6.17"]
[White "Barrientos Chavarriaga, Sergio"]
[Black "Pereira, Silvio Cunha"]
[Result "1-0"]
[WhiteElo "2474"]
[BlackElo "2261"]
[EventDate "2009.07.25"]
[PlyCount "95"]

1.e4 e5 2.Nf3 Nc6 3.Bb5 a6 4.Ba4 Nf6 5.d4 exd4 6.O-O Be7 7.Re1 O-O 8.e5 
Ne8 9.c3 dxc3 10.Nxc3 d6 11.exd6 Bxd6 12.Bg5 f6 13.Bh4 Bg4 14.Qd5+ Kh8 15.
Bxc6 bxc6 16.Qxc6 Rb8 17.b3 Rb6 18.Qd5 Rb5 19.Qd1 Rf5 20.Re3 Qa8 21.Qd3 
Bc5 22.Nd4 Rf4 23.Re4 Rxe4 24.Nxe4 Bb6 25.h3 Bc8 26.Rd1 Bb7 27.Re1 Qd8 28.
Rd1 Qd5 29.f3 c5 30.Qc3 Nd6 31.Qe1 Nxe4 32.fxe4 Qxe4 33.Qxe4 Bxe4 34.Ne6 
Rc8 35.Bf2 h6 36.Rd7 Bb1 37.a4 Bc2 38.Rb7 Ba5 39.Nxc5 Bd2 40.Nxa6 Bf4 41.
Nc5 Rd8 42.g3 Rd1+ 43.Kg2 Be5 44.Rb5 Bf5 45.g4 Bg6 46.Kf3 Bh2 47.a5 Bg1 
48.a6 1-0

[Event "Continental"]
[Site "Sao Paulo BRA"]
[Date "2009.07.29"]
[Round "6.20"]
[White "Delgado Ramirez, Neuris"]
[Black "Disconzi da Silva, Rodrigo"]
[Result "1/2-1/2"]
[WhiteElo "2574"]
[BlackElo "2366"]
[EventDate "2009.07.25"]
[PlyCount "100"]

1.e4 c5 2.Nf3 Nc6 3.Bb5 d6 4.O-O Bd7 5.c3 Nf6 6.Re1 a6 7.Ba4 b5 8.Bc2 e5 
9.h3 Be7 10.d3 O-O 11.Nbd2 Re8 12.Nf1 Bf8 13.Bg5 h6 14.Bh4 Be7 15.Ne3 Nh7 
16.Bg3 Ng5 17.Nd2 Bf8 18.a4 Rb8 19.axb5 axb5 20.Bb3 Be6 21.Kh2 Qc8 22.Bd5 
Ne7 23.Bxe6 Nxe6 24.Qg4 g6 25.Qf3 Bg7 26.Bh4 g5 27.Bg3 Nf4 28.Nc2 Neg6 29.
Nf1 Qe6 30.Qd1 d5 31.Nfe3 d4 32.Nf5 dxc3 33.bxc3 b4 34.Bxf4 exf4 35.Nxg7 
Kxg7 36.cxb4 cxb4 37.Nd4 Qb6 38.Nf5+ Kh7 39.Qh5 Ne5 40.d4 Qg6 41.Qe2 Nc6 
42.Ra6 Qxf5 43.exf5 Rxe2 44.Rxe2 Nxd4 45.Rb2 Kg7 46.Ra4 Nxf5 47.Raxb4 Re8 
48.Rb8 Re6 49.R8b6 Re8 50.Rb8 Re6 1/2-1/2

[Event "Continental"]
[Site "Sao Paulo BRA"]
[Date "2009.07.29"]
[Round "6.21"]
[White "Friedel, Joshua"]
[Black "Soto Vega, Jorge"]
[Result "1-0"]
[WhiteElo "2547"]
[BlackElo "2341"]
[EventDate "2009.07.25"]
[PlyCount "87"]

1.e4 c5 2.Nf3 Nc6 3.Nc3 Nf6 4.Bb5 Qc7 5.O-O Nd4 6.Nxd4 cxd4 7.Nd5 Nxd5 8.
exd5 Qc5 9.c4 a6 10.b4 Qxb4 11.Ba4 Qxc4 12.Ba3 Qd3 13.Qc1 b5 14.Bb3 a5 15.
d6 b4 16.Re1 e6 17.Bd5 Qa6 18.Bxa8 Bxd6 19.Bb2 Qxa8 20.Qc4 Ke7 21.a3 b3 
22.Bxd4 Bb7 23.Bxg7 Rg8 24.Qh4+ Ke8 25.Qxh7 Rxg7 26.Qxg7 a4 27.h4 Qa5 28.
Qg8+ Bf8 29.Qg3 Qd5 30.Re5 Qd4 31.Rf1 Bc6 32.Rg5 Bh6 33.Rg8+ Ke7 34.Qb8 
Qxd2 35.g4 Qf4 36.Re8+ Kf6 37.g5+ Bxg5 38.Qd8+ Kf5 39.Qxg5+ Qxg5+ 40.hxg5 
Kxg5 41.Rb8 Kf4 42.Rb4+ Kf5 43.Rc1 Be4 44.Rcc4 1-0

[Event "Continental"]
[Site "Sao Paulo BRA"]
[Date "2009.07.29"]
[Round "6.23"]
[White "Leon Hoyos, Manuel"]
[Black "Estrada Nieto, Julian"]
[Result "1/2-1/2"]
[WhiteElo "2525"]
[BlackElo "2332"]
[EventDate "2009.07.25"]
[PlyCount "147"]

1.e4 e5 2.Nf3 Nc6 3.Bc4 Bc5 4.b4 Bb6 5.a4 a6 6.Nc3 Nf6 7.Nd5 Nxd5 8.exd5 
Nd4 9.a5 Ba7 10.d6 cxd6 11.O-O O-O 12.Nxd4 Bxd4 13.c3 Ba7 14.Qf3 Rb8 15.
Bd5 Kh8 16.Re1 f5 17.d4 b5 18.dxe5 dxe5 19.Rxe5 d6 20.Re2 Qf6 21.Bf4 g5 
22.Rae1 gxf4 23.Re7 Be3 24.Rc7 Qd8 25.Rc6 Bb7 26.fxe3 Bxc6 27.Bxc6 fxe3 
28.Rxe3 Qf6 29.Qd5 f4 30.Rd3 Qe5 31.Kf2 Qxd5 32.Rxd5 Rfc8 33.Rxd6 Rc7 34.
Kf3 Rbc8 35.Bd5 Rxc3+ 36.Kxf4 Rd3 37.Ke4 Rd2 38.Rxa6 Rb2 39.Rb6 Rxb4+ 40.
Ke5 Rb1 41.Bf3 b4 42.a6 Ra1 43.Bb7 Rb8 44.Rb5 b3 45.Kd6 Rd8+ 46.Kc7 Rd3 
47.Kb6 Rd6+ 48.Kc5 Raxa6 49.Bxa6 Rxa6 50.Rxb3 Ra2 51.Rg3 Rd2 52.Kc4 h6 53.
Kc3 Rd1 54.Rd3 Rc1+ 55.Kd2 Ra1 56.Ke3 Ra2 57.Rd2 Ra4 58.Rd4 Ra3+ 59.Rd3 
Ra2 60.Rd2 Ra4 61.Rd7 Kg8 62.Kf3 Rb4 63.h3 Ra4 64.Re7 Rb4 65.Re4 Rb3+ 66.
Re3 Rb4 67.Re7 Ra4 68.g3 Rb4 69.h4 Rc4 70.g4 Rb4 71.h5 Ra4 72.Re4 Ra3+ 73.
Kf4 Kg7 74.Re7+ 1/2-1/2

[Event "Continental"]
[Site "Sao Paulo BRA"]
[Date "2009.07.29"]
[Round "6.24"]
[White "Toth, Christian Endre"]
[Black "Matsuura, Everaldo"]
[Result "1/2-1/2"]
[WhiteElo "2357"]
[BlackElo "2491"]
[EventDate "2009.07.25"]
[PlyCount "66"]

1.d4 d5 2.c4 e6 3.Nc3 c6 4.Nf3 dxc4 5.a4 Bb4 6.e3 b5 7.Bd2 a5 8.axb5 Bxc3 
9.Bxc3 cxb5 10.b3 Bb7 11.d5 Nf6 12.bxc4 b4 13.Bxf6 Qxf6 14.Qa4+ Nd7 15.Nd4
Qe7 16.Qb5 Rb8 17.Qxa5 O-O 18.Rb1 exd5 19.c5 Nxc5 20.Bb5 Ne4 21.Bd3 Qc5 
22.Qxc5 Nxc5 23.Ke2 Nxd3 24.Kxd3 Ba6+ 25.Kd2 Bc4 26.Nc6 Rb6 27.Nxb4 Rfb8 
28.Kc3 Rc8 29.Rhc1 g6 30.Kd2 Rcb8 31.Kc3 Rc8 32.Kd2 Rcb8 33.Kc3 Rc8 
1/2-1/2

[Event "Continental"]
[Site "Sao Paulo BRA"]
[Date "2009.07.29"]
[Round "6.25"]
[White "Liascovich, Lucas"]
[Black "Sanchez Castillo, Sarai"]
[Result "1-0"]
[WhiteElo "2444"]
[BlackElo "2202"]
[EventDate "2009.07.25"]
[PlyCount "75"]

1.d4 d5 2.c4 e6 3.Nf3 Nf6 4.Bg5 c6 5.e3 Nbd7 6.Nbd2 Qa5 7.a3 dxc4 8.Bxc4 
Be7 9.O-O h6 10.Bh4 g5 11.Bg3 Nh5 12.b4 Qb6 13.Be5 Rg8 14.Be2 g4 15.Nc4 
Qd8 16.Nfd2 Nxe5 17.Nxe5 f5 18.h3 Bd6 19.hxg4 Qg5 20.Ndc4 Bc7 21.f4 Qg7 
22.Rf2 Nf6 23.gxf5 exf5 24.Bh5+ Ke7 25.Rc1 Be6 26.Ng6+ Kd8 27.Nce5 Bd5 28.
Bf3 Ne4 29.Bxe4 Bxe4 30.d5 cxd5 31.Rd2 Kc8 32.Rxd5 Bxd5 33.Qxd5 Rd8 34.
Qe6+ Kb8 35.Ne7 a5 36.Nd7+ Ka7 37.Rxc7 Qa1+ 38.Kh2 1-0